Responses for show #4806 - Monday, June 27, 2005

Contestants

[<< previous game]

Andy Sanderson, a high school English teacher from Mount Morris, New York

Sarah Johnson, a law clerk originally from Newport News, Virginia

Morgan Chase, a mathematics educator originally from Antrim, New Hampshire (whose 1-day cash winnings total $15,417)

[next game >>]

Jeopardy! Round responses

OFFICIAL STATE SEALS
MOVIE CROSSWORD CLUES "G"
THIRD PARTY PRESIDENTIAL CANDIDATES
ADVERTISING
TANGENTIAL ETRUSCAN POTPOURRI
ANIMAL WORDS & PHRASES
    $200 21
Alabama

Morgan
    $200 4
Gandhi

Morgan
    $200 16
Ross Perot

Morgan
    $200 8
mustaches

Morgan
    $200 1
(Sarah: What is Florence?)
(Alex: Oh, no.)

New Orleans

Sarah
Triple Stumper
    $200 2
sheep's clothing

Andy
    $400 22
(Morgan: What is Alaska?)
(Sarah: What is Minnesota?)
...
(Alex: The Pine Tree State is [*].)

Maine

MorganSarah
Triple Stumper
    $400 9
(Alex: Rock Hudson, yes.)

Giant

Morgan
    $400 17
(Morgan: Who is Barry Goldwater?)

George Wallace

MorganSarah
    $400 15
Kodak

Morgan
    $400 11
Solomon Grundy

Morgan
    $400 3
crocodile tears

Sarah
    $600 23
"Divided We Fall"

Sarah
    $600 10
(Sarah: What is Great Gatsby?)

Grand Hotel

Sarah
Triple Stumper
    $600 18
Teddy Roosevelt

Morgan
    $600 28
Ronald McDonald

Morgan
    $600 12
Gettysburg

Andy
    $600 5
rabbit ears

Andy
    $800 25
the Missouri

Andy
    $800 24
Glory

Morgan
    $800 19
Van Buren

Morgan
    $800 29
(Alex: Oh, you've forgotten. "Let [*] put you in the driver's seat.")

Hertz

Triple Stumper
    $800 13
Harry Truman

Andy
    $800 6
a cash cow

Andy
    $1000 26
Wyoming

Sarah
    $800 27
Getaway

Sarah
    $1000 20
"Fightin'" Bob La Follette

Morgan
    $1000 30
Burger King

Morgan
    $1000 14
Arthur Miller

Andy
    $1000 7
the magpie

Triple Stumper

Scores at the first commercial break (after clue 14):

Morgan Sarah Andy
$1,200 -$400 $4,000

Scores at the end of the Jeopardy! Round:

Morgan Sarah Andy
$6,000 $2,000 $4,800

Double Jeopardy! Round responses

CLASSICAL COMPOSERS
STARS' PRODUCTION COMPANIES
CORN
AUTHOR'S MAIDEN NAMES
START SPREADING THE "NEW"s
I'M LEAFING TODAY
    $400 19
Beethoven

Morgan
    $400 16
Oprah Winfrey

Morgan
    $400 9
the silk

Sarah
    $400 1
Barrett

Sarah
    $400 4
a news conference

Morgan
    $400 20
poison ivy

Morgan
    $800 25
(Andy: Who is Tchaikovsky?)

(Gioacchino) Rossini

MorganAndy
    $800 17
Pierce Brosnan

Morgan
    $800 10
cornstarch

Andy
    $800 2
Ingalls

Morgan
    $800 5
a newsletter

Morgan
    $800 21
Maple Leafs

Sarah
    $1200 26
Dvorak

Andy
    $1200 18
Reese Witherspoon

Andy
    $1200 11
ethanol

Sarah
    $1200 3
(Sarah: What is Lincoln?)

Mapes

Sarah
Triple Stumper
    $1200 6
a newsreel

Sarah
    $1200 22
parsley

Morgan
    $2,800 27
(Andy: Who was Chopin?)

Felix Mendelssohn

Andy
    $1600 12
(Morgan: What are popcorn kernels?)

corn cobs

Morgan
Triple Stumper
    $1600 14
Rogers

Triple Stumper
    $1,600 7
New Zealand

Sarah
    $1600 23
olives

Sarah
    $2000 28
Franz Schubert

Triple Stumper
    $2000 13
cellulose

Sarah
    $2000 15
Roberts

Triple Stumper
    $2000 8
(Morgan: Thanks, Artoo.)
[Laughter]

A New Hope

Morgan
    $2000 24
an oak leaf

Morgan

Scores at the end of the Double Jeopardy! Round:

Morgan Sarah Andy
$14,400 $10,000 $4,400

[wagering suggestions for these scores]

Final Jeopardy! Round responses

MILITARY MEN
AndyWhat is Kennedy
$4,200
SarahWhat is Sherman?
$1,199
MorganWhat is duh?
$5,678
Arthur & Douglas MacArthur

Final scores:

Morgan Sarah Andy
$8,722 $8,801 $200
2nd place: $2,000 New champion: $8,801 3rd place: $1,000

Game dynamics:

Coryat scores:

Morgan Sarah Andy
$14,400 $10,200 $7,200
24 R,
3 W
13 R
(including 2 DDs),
4 W
10 R,
2 W
(including 1 DD)

Combined Coryat: $31,800

The J! Archive is created by fans, for fans. The Jeopardy! game show and all elements thereof, including but not limited to copyright and trademark thereto, are the property of Jeopardy Productions, Inc. and are protected under law. This website is not affiliated with, sponsored by, or operated by Jeopardy Productions, Inc. Join the discussion at JBoard.tv.